00420nam a22001457a 450000500170000001000130001703500130003003700130004308200110005610000220006724500680008926000600015727000310021730000260024820180818115234.0 aA-715112 aA-715112 bBPPD/PUB a181.46 aGupta, Harish C.  aSwami Vivekananda :cHarish C. GuptabStudies in soviet union / aCalcuttabThe Ramakirishna Mission Institute Of Culture aGol ParkbCalcuttae700029 axv, 450p.c24cm. (Hb)